000
00319nam a22001457a 4500
003
SGT
020
_a
9788119114078
082
_a
343.099
_b
SIN
100
_a
DIVAN MADHAVI GORADIA
245
_a
FACETS OF MEDIAL LAW
250
_a
3
260
_a
LUCKNOW
_b
EASTERN BOOK COMPANY
_c
2023
300
_a
939
942
_2
ddc
_c
BK
999
_c
25743
_d
25743